00512cam a2200181 i 4500001000800000005001700008008004100025010001700066020001500083040001800098041000800116080002000124082002400144100000600168101000800174245010900182504003900291228291020180809093743.0800822s1980 nyua b 001 0 eng  a 79065371  a0879931264 aDLCcDLCdDLC aeng a616.120 PRA00a616.120 PRA219 a7 aKAR00aEtiology and morphogenesis of congenital heart disease /cedited by Richard Van Praagh, Atsuyoshi Takao. aIncludes bibliographies and index.